Secrets of the prison-house of goal studies and sketches / 2

Gespeichert in:  
Bibliographische Detailangaben
1. VerfasserIn: Griffiths, Arthur (Verfasst von)
Medienart: Druck Buch
Sprache:Englisch
Veröffentlicht: London Chapman & Hall 1894
In: Secrets of the prison-house or goal studies and sketches
Jahr: 1894
Verfügbarkeit prüfen: HBZ Gateway
Subito Bestelldienst: Jetzt bestellen.

MARC

LEADER 00000cam a22000002cc4500
001 1355129109
003 DE-627
005 20220527145552.0
007 tu
008 080822s1894 xx ||||| 00| ||eng c
035 |a (DE-627)1355129109 
035 |a (DE-576)285129104 
035 |a (DE-599)BSZ285129104 
040 |a DE-627  |b ger  |c DE-627  |e rakwb 
041 |a eng 
100 1 |a Griffiths, Arthur  |4 aut 
245 1 0 |a Secrets of the prison-house of goal studies and sketches  |n 2  |c Arthur Griffiths 
264 1 |a London  |b Chapman & Hall  |c 1894 
336 |a Text  |b txt  |2 rdacontent 
337 |a ohne Hilfsmittel zu benutzen  |b n  |2 rdamedia 
338 |a Band  |b nc  |2 rdacarrier 
583 1 |a Archivierung prüfen  |c 20200919  |f DE-640  |z 1  |2 pdager 
773 1 8 |a Secrets of the prison-house or goal studies and sketches  |w (DE-627)1355129001  |w (DE-576)285129007  |g 2  |q 2  |7 nnam 
935 |a mkri 
951 |a MV 
ELC |b 1 
LOK |0 000 xxxxxcx a22 zn 4500 
LOK |0 001 2579031596 
LOK |0 003 DE-627 
LOK |0 004 1355129109 
LOK |0 005 20080822115952 
LOK |0 008 080822||||||||||||||||ger||||||| 
LOK |0 040   |a DE-Frei85  |c DE-627  |d DE-Frei85 
LOK |0 852   |a DE-Frei85 
LOK |0 852 1  |m p  |9 00 
LOK |0 938   |k p 
LOK |0 939   |a 22-08-08  |b l01 
ORI |a SA-MARC-krimdoka001.raw